| 000 | 00361nam a2200109Ia 4500 | ||
|---|---|---|---|
| 008 | 230907s9999||||xx |||||||||||||| ||und|| | ||
| 082 |
_a621.38212 _bIEE |
||
| 245 | 0 | _aIEEE 802.15.4 and Zigbee as enabling technologies for low-power wireless systems with quality-of-service constraints. | |
| 260 |
_aSpringer, _bNew York : _c2013 |
||
| 300 | _ap. cm. | ||
| 942 | _cBK | ||
| 999 |
_c597800 _d597800 |
||